El Desarrollo latinoamericano para el próximo siglo: el caso de Costa Rica /
El autor plantea una nueva visión sobre el desarrollo de nuestro país haciendo un análisis objetivo de la realidad latinoamericana. Hace un llamado a la conciencia de los costarricenses para que con una visión amplia y de largo plazo, entendamos que se debe actuar de manera consecuente por el desarr...
保存先:
| 第一著者: | |
|---|---|
| フォーマット: | テキスト |
| 主題: | |
| タグ: |
タグ追加
タグなし, このレコードへの初めてのタグを付けませんか!
|
MARC
| LEADER | 00000 a a2200000 04500 | ||
|---|---|---|---|
| 001 | 17092 | ||
| 003 | |||
| 040 | |||
| 100 | |a Alvarez Desanti, Antonio | ||
| 245 | |a El Desarrollo latinoamericano para el próximo siglo: |b el caso de Costa Rica / |c Antonio Alvarez Desanti | ||
| 520 | |a El autor plantea una nueva visión sobre el desarrollo de nuestro país haciendo un análisis objetivo de la realidad latinoamericana. Hace un llamado a la conciencia de los costarricenses para que con una visión amplia y de largo plazo, entendamos que se debe actuar de manera consecuente por el desarrollo nacional. La realidad global latinoamericana impone el reto para Costa Rica de adecuar sus estructuras jurídicas e institucionales, con el propósito de que se reorienten los medios como instrumentos para el desarrollo y se tomen las decisiones políticas que se requieren. Expone los mitos que sobre el tema de las relaciones entre el sector público y el sector privado han servido de obstáculo ideológico para el avance nacional en materia de infraestructura y propone una nueva visión para enfrentar los retos del nuevo siglo. REV//JMML | ||
| 650 | |a DESARROLLO ECONOMICO Y SOCIAL | ||
| 650 | |a MODERNIZACION | ||
| 650 | |a SECTOR PUBLICO | ||
| 650 | |a SECTOR PRIVADO | ||
| 650 | |a LIBRE COMERCIO | ||
| 650 | |a INTEGRACION ECONOMICA | ||
| 650 | |a OBRAS PUBLICAS | ||
| 773 | |g volumen 6, número 2; páginas 113-129 | ||
| 999 | |c 20746 |d 20746 | ||
